000 00359nam a2200133Ia 4500
008 210210b1986 xxu||||| |||| 00| 0 eng d
082 _a344.01 NAYH
100 _aNAYAR (H).
245 _aHow to serve charge sheet, suspend and terminate your employees.
260 _aND
_bLaw book corporation
_c1986
300 _a30
690 _aSocial Law
906 _a042278
999 _c92255
_d92255